| 000 | 00900cab a2200349 4500 | ||
|---|---|---|---|
| 001 | ABS49770 | ||
| 008 | 090401t1993 xxu||||| |||| 00| 0 eng d | ||
| 035 | _a(Sirsi) u72702 | ||
| 041 | _aeng | ||
| 245 | _aEstates Times survey: M40 corridor | ||
| 260 | _c1993 | ||
| 350 | _a0 | ||
| 490 |
_aEstates Times _v(1214) 26 November 1993, 22-37(15) |
||
| 650 | _aACTON | ||
| 650 | _aAYLESBURY | ||
| 650 | _aBANBURY | ||
| 650 | _aEALING | ||
| 650 | _aHIGH WYCOMBE | ||
| 650 | _aINDUSTRIAL MARKET | ||
| 650 | _aLEAMINGTON | ||
| 650 | _aLONDON | ||
| 650 | _aM40 CORRIDOR | ||
| 650 | _aOXFORD | ||
| 650 | _aPADDINGTON | ||
| 650 | _aPARK ROYAL | ||
| 650 | _aPROPERTY-COMMERCIAL PROPERTY-RETAIL PROPERTY-RETAIL PROPERTY MARKET | ||
| 650 | _aUXBRIDGE | ||
| 650 | _aWARWICK | ||
| 690 | _aPROPERTY-COMMERCIAL PROPERTY-COMMERCIAL PROPERTY MARKET | ||
| 942 | _n0 | ||
| 948 | _c04/03/1997 | ||
| 999 |
_c45949 _d45949 |
||